| 000 | 01199cam a22002054a 4500 | ||
|---|---|---|---|
| 005 | 20251217162127.0 | ||
| 008 | 250528s ||||||||||||||||||||||||d | ||
| 035 | _a17083 | ||
| 020 | _a534348939 | ||
| 040 |
_aGR-AtMCL _bgre _dGR-AtMCL _eAACR2 |
||
| 245 | 1 | _aBiological Psychology / Sixth Edition | |
| 250 | _a6th | ||
| 260 |
_bBrooks/Cole Publishing Company, _c1998 |
||
| 300 | _a540 | ||
| 520 | _aIntroduction: The Goals of Biological Psychology, Human Behavior in the Context of the Animal Kingdom, Nerve Cells and Nerve Impulses, Synapses and Drugs, The Anatomy and Investigation of the Nervous System, The Development and Evolution of the Brain, Vision, The Nonvisual Sensory System, Movement, Rhythms of Wakefulness and Sleep, The Regulation of Internal Body States, Hormones and Sexual Behavior, Emotional Behaviors and Stress, The Biology of Learning and Memory, Lateralization and Language, Recovery from Brain Damage, Mood Disorders and Schizophrenia, Appendices, Brief and Basic Chemistry, Society for Neuroscience Policies on the Use of Animals and Human Subjects in Neuroscience Research. | ||
| 700 | 1 |
_aKalat, James W. _9300 |
|
| 942 | _cBK | ||
| 999 |
_c2523 _d2523 |
||